Samurai mesačník bojových umení a športov, kultúry a histórie Východnej Ázie

Bibliographic Details
Other Authors: Kubovčík, Vladimír (Publishing director)
Format: Journal
Language:Slovak
PhysicalDescription:2 zv. 29 cm
Published: Bratislava Samurai International Slovakia s.r.o. 2000-2001
ISSN:1335-7344
Subjects:

MARC

LEADER 00000cas a2200000 a 4500
001 vtls008881257
003 SK-MaSNL
005 20260228162136.0
008 010105d20002001xo mr p 0 0 b0slo
022 |a 1335-7344  |z 0232-086X 
035 |a (SVKBB03)vtls000060567 
040 |a SVKBB  |b slo  |c SVKBB  |d SNK  |e AACR2 
041 0 |a slo 
044 |a xo  |c SK 
072 7 |a 796  |x Šport. Hry. Telesné cvičenia  |2 konspekt 
080 |a 796.85  |2 2011 
080 |a 050  |2 2011 
080 |a 796/799(051)  |2 2011 
210 0 |a Samurai  |b (Bratisl.) 
222 0 |a Samurai  |b (Bratislava) 
245 0 0 |a Samurai  |b mesačník bojových umení a športov, kultúry a histórie Východnej Ázie 
260 |a Bratislava  |b Samurai International Slovakia s.r.o.  |c 2000-2001 
300 |a 2 zv.  |c 29 cm 
310 |a 10x ročne 
362 0 |a (2000)-č. 10 (2001) 
500 |a Šéfredaktor: ?-2001, Vladimír Kubovčík 
500 |a Popis podľa: Č. 1 (2001) 
500 |a Registračné č.: MK SR 2418/2000 
515 |a Niektoré čísla vychádzajú ako dvojčíslo 
650 0 7 |a bojové umenia  |2 SNKPH  |9 3247 
655 7 |a športové časopisy  |2 SNKPH  |9 145628 
700 1 |a Kubovčík, Vladimír  |4 pbd  |9 11028 
710 1 |a Samurai-Sport Promotion (Taliansko)  |4 pbl  |9 270453 
910 |a snk 
958 |a OND 
999 |c 6930  |d 8860 
952 |0 0  |1 0  |4 0  |7 0  |8 0  |a SNK  |b SNK  |d 2018-05-31  |i snk2018/11892  |l 0  |o snkČSB 6677/2001  |p 17A1325457  |r 2026-02-21 22:05:11  |t č. 1-10  |w 2026-02-21  |y PREZ 
952 |0 0  |1 0  |4 0  |7 0  |8 0  |a SNK  |b SNK  |d 2018-05-31  |i snk2018/11893  |l 0  |o snkČSB 6677/2001 D1  |p 17A1325458  |r 2026-02-21 22:05:11  |t č. 1-10, neúplné  |w 2026-02-21  |y PREZ  |z Chýba č. 1